000 00278nam a2200085Ia 4500
245 0 _aThe African bonsai collection : an illustrated guide
100 _a BADER, Jann Claremont [South Africa], 2001 1st ed
_977344
942 _cBK
008 210817s9999 xx 000 0 und d
999 _c263894
_d263893